000
00273nam a2200109Ia 4500
008
190216s9999||||xx |||||||||||||| ||und||
100
_a
Shekhar & Shekhar
245
0
_a
Banking Theory And Practice
260
_b
Vikas Publishing House
_c
1999
300
_a
870p
942
_c
BK
999
_c
9102
_d
9102